[Event "4NCL/Div1/AD vs. SLOS1"]
[Site "Coventry ENG"]
[Date "2006.11.11"]
[Round "3.6"]
[White "Gourlay, Iain"]
[Black "Anderton, David"]
[Result "1-0"]
[WhiteElo "2337"]
[BlackElo "2254"]
[PlyCount "81"]
[EventDate "2006.11.11"]
[EventType "team"]
[EventRounds "11"]
[EventCountry "ENG"]
[WhiteTeam "Slough Sharks 1"]
[BlackTeam "The ADs"]

1. Nf3 f5 2. g3 Nf6 3. Bg2 g6 4. c4 Bg7 5. Nc3 d6 6. d4 O-O 7. O-O Qe8 8. d5
Na6 9. Rb1 Nc5 10. Nd4 a5 11. b3 Bd7 12. Bb2 c6 13. a3 e5 14. dxe6 Nxe6 15.
Nxe6 Qxe6 16. Re1 Nh5 17. e3 Be8 18. f4 Rd8 19. e4 Qc8 20. exf5 gxf5 21. Rxe8
Rdxe8 22. Qxh5 Bd4+ 23. Kh1 Qe6 24. Qd1 Ba7 25. Nb5 Bb6 26. Qxd6 Qe1+ 27. Rxe1
Rxe1+ 28. Bf1 Rxf1+ 29. Kg2 Rf2+ 30. Kh3 Rxb2 31. Qe6+ Kg7 32. Qe5+ Kg6 33.
Qxb2 cxb5 34. cxb5 Bc5 35. Qc1 b6 36. Qc4 Kg7 37. b4 axb4 38. axb4 Bf2 39. Kg2
Be1 40. Qd4+ Rf6 41. Kf1 1-0

[Event "4NCL/Div1/AD vs. SLOS1"]
[Site "Coventry ENG"]
[Date "2006.11.11"]
[Round "3.7"]
[White "Bellin, Jana"]
[Black "Krensing, Jan"]
[Result "0-1"]
[WhiteElo "2152"]
[BlackElo "2298"]
[PlyCount "78"]
[EventDate "2006.11.11"]
[EventType "team"]
[EventRounds "11"]
[EventCountry "ENG"]
[WhiteTeam "The ADs"]
[BlackTeam "Slough Sharks 1"]

1. d4 e6 2. Nf3 Nf6 3. Bg5 h6 4. Bh4 c5 5. e3 b6 6. Bd3 Bb7 7. Nbd2 cxd4 8.
exd4 Be7 9. O-O O-O 10. Re1 d6 11. c3 Nbd7 12. Qe2 Nh5 13. Bxe7 Qxe7 14. g3
Nhf6 15. Ba6 Rab8 16. Bxb7 Rxb7 17. a4 Rc8 18. Nh4 Nf8 19. c4 d5 20. b3 Qb4 21.
Nhf3 Rbc7 22. Ne5 Rd8 23. Qe3 Qd6 24. Ndf3 Ne4 25. a5 f6 26. Nd3 dxc4 27. axb6
axb6 28. bxc4 Ng5 29. Nxg5 hxg5 30. c5 Qxd4 31. cxb6 Rb7 32. Qxd4 Rxd4 33. Nc5
Rxb6 34. Ra8 e5 35. Rc8 Rdd6 36. Ne4 Rdc6 37. Rd8 Kf7 38. Ra1 Ne6 39. Kg2 Nxd8
0-1

[Event "4NCL/Div1/AD vs. SLOS1"]
[Site "Coventry ENG"]
[Date "2006.11.11"]
[Round "3.8"]
[White "Rudolf, Anna"]
[Black "Wilman, Carey A"]
[Result "1-0"]
[WhiteElo "2265"]
[BlackElo "2042"]
[PlyCount "45"]
[EventDate "2006.11.11"]
[EventType "team"]
[EventRounds "11"]
[EventCountry "ENG"]
[WhiteTeam "Slough Sharks 1"]
[BlackTeam "The ADs"]

1. e4 d6 2. d4 Nf6 3. Nc3 g6 4. Bg5 Bg7 5. Qd2 c6 6. f4 Qa5 7. Nf3 Bg4 8. h3
Bxf3 9. gxf3 h6 10. Bh4 Qh5 11. Qf2 Qa5 12. O-O-O g5 13. Rg1 Nh7 14. e5 dxe5
15. fxe5 Bxe5 16. dxe5 gxh4 17. Qd4 Qb6 18. Qg4 e6 19. Bd3 Qe3+ 20. Kb1 Ng5 21.
f4 Nf3 22. Bg6 Nxg1 23. Qxe6+ 1-0

[Event "4NCL/Div1/GUI2 vs. BET"]
[Site "Coventry ENG"]
[Date "2006.11.11"]
[Round "3.1"]
[White "Howell, David W L"]
[Black "Hunt, Adam C"]
[Result "1/2-1/2"]
[WhiteElo "2471"]
[BlackElo "2462"]
[PlyCount "57"]
[EventDate "2006.11.11"]
[EventType "team"]
[EventRounds "11"]
[EventCountry "ENG"]
[WhiteTeam "Guildford-ADC 2"]
[BlackTeam "Betsson.com"]

1. d4 Nf6 2. c4 g6 3. Nc3 Bg7 4. e4 d6 5. Nf3 O-O 6. Be2 e5 7. Be3 Na6 8. d5
Ng4 9. Bg5 f6 10. Bh4 g5 11. Bg3 Nh6 12. Nd2 c6 13. f3 f5 14. h3 Bd7 15. a3 Qe8
16. b4 c5 17. Qb3 b6 18. Kd1 Kh8 19. Kc2 Qg6 20. Bd3 Nc7 21. Bf2 f4 22. Nb5
Rfc8 23. Kd1 Bf8 24. Ke2 Qe8 25. Nc3 Ng8 26. Rag1 Nf6 27. Rb1 Be7 28. Rb2 Na6
29. Qd1 1/2-1/2

[Event "4NCL/Div1/GUI2 vs. BET"]
[Site "Coventry ENG"]
[Date "2006.11.11"]
[Round "3.2"]
[White "Pert, Richard G"]
[Black "Cherniaev, Alexander"]
[Result "1/2-1/2"]
[WhiteElo "2447"]
[BlackElo "2472"]
[PlyCount "82"]
[EventDate "2006.11.11"]
[EventType "team"]
[EventRounds "11"]
[EventCountry "ENG"]
[WhiteTeam "Betsson.com"]
[BlackTeam "Guildford-ADC 2"]

1. d4 d6 2. e4 g6 3. Nc3 Bg7 4. Be3 a6 5. Nf3 Nd7 6. Bd3 e6 7. Qe2 Ne7 8. Rd1
b6 9. O-O Bb7 10. e5 h6 11. Ne4 Nf5 12. exd6 cxd6 13. Bf4 Nf6 14. Nxf6+ Bxf6
15. c3 Bg7 16. Nd2 O-O 17. Bxf5 exf5 18. Nc4 g5 19. Bc1 Re8 20. Qh5 f4 21. Rfe1
Be4 22. Qe2 Re6 23. Qd2 b5 24. d5 Re7 25. Na3 f3 26. Re3 g4 27. Rde1 f5 28.
gxf3 gxf3 29. Kh1 Qe8 30. Rg1 Qh5 31. Ree1 Kh7 32. Qf4 Rae8 33. Qg3 Bf6 34. Be3
Rd8 35. Bd4 Be5 36. Bxe5 dxe5 37. c4 bxc4 38. d6 f4 39. Qg4 Qxg4 40. Rxg4 Rg7
41. Rxg7+ Kxg7 1/2-1/2

[Event "4NCL/Div1/GUI2 vs. BET"]
[Site "Coventry ENG"]
[Date "2006.11.11"]
[Round "3.3"]
[White "Flear, Glenn C"]
[Black "Hunt, Harriet"]
[Result "1-0"]
[WhiteElo "2471"]
[BlackElo "2439"]
[PlyCount "73"]
[EventDate "2006.11.11"]
[EventType "team"]
[EventRounds "11"]
[EventCountry "ENG"]
[WhiteTeam "Guildford-ADC 2"]
[BlackTeam "Betsson.com"]

1. d4 Nf6 2. c4 e6 3. Nf3 b6 4. e3 Bb7 5. Bd3 d5 6. O-O a6 7. b3 Bd6 8. Bb2 O-O
9. Nc3 Nbd7 10. Rc1 Re8 11. Na4 Ne4 12. Ne5 dxc4 13. Nxc4 Qg5 14. f4 Qd5 15.
Nxd6 Nxd6 16. Qe2 Nb5 17. e4 Qd6 18. Qf2 Rad8 19. e5 Qe7 20. Rfd1 Nf8 21. Be2
Ng6 22. Nc3 Nxc3 23. Rxc3 Rc8 24. g4 Red8 25. f5 Nf8 26. f6 Qd7 27. fxg7 Ng6
28. Rh3 c5 29. Qe3 Kxg7 30. Qh6+ Kg8 31. Qxh7+ Kf8 32. Rf1 Be4 33. d5 exd5 34.
Bc1 Ke8 35. Qg8+ Nf8 36. Rh8 Qe7 37. Bg5 1-0

[Event "4NCL/Div1/GUI2 vs. BET"]
[Site "Coventry ENG"]
[Date "2006.11.11"]
[Round "3.5"]
[White "Wallace, John P"]
[Black "Ansell, Simon"]
[Result "0-1"]
[WhiteElo "2418"]
[BlackElo "2394"]
[PlyCount "120"]
[EventDate "2006.11.11"]
[EventType "team"]
[EventRounds "11"]
[EventCountry "ENG"]
[WhiteTeam "Guildford-ADC 2"]
[BlackTeam "Betsson.com"]

1. d4 d5 2. c4 c6 3. Nf3 Nf6 4. Qc2 dxc4 5. Qxc4 Bf5 6. Nc3 e6 7. g3 Be7 8. Bg2
O-O 9. O-O Nbd7 10. a4 a5 11. Nh4 Bc2 12. e4 Nb6 13. Qe2 Bb3 14. Qe3 Nc4 15.
Qd3 Qb6 16. Nf3 e5 17. Nxe5 Nxe5 18. dxe5 Rad8 19. Qe2 Nd7 20. Bf4 Rfe8 21. Qh5
Nc5 22. Nd1 Bxa4 23. Ne3 Bb5 24. Qg4 Bxf1 25. Rxf1 Bf8 26. Nf5 Re6 27. Be3 Rg6
28. Qh4 Re8 29. Rc1 Qxb2 30. Nd6 Rxd6 31. exd6 Bxd6 32. e5 Qxe5 33. Bd4 Qe7 34.
Qg4 Ne6 35. Re1 Qf8 36. Ba1 Nc7 37. Rxe8 Nxe8 38. Qc8 Qe7 39. Bh3 Qe1+ 40. Kg2
Qxa1 41. Bd7 Qe5 42. Bxe8 Bf8 43. Bd7 Qd5+ 44. Kg1 a4 45. Qxb7 a3 46. Bxc6 Qd1+
47. Kg2 a2 48. Be8 Qh5 49. Qa8 Qe5 50. Bxf7+ Kxf7 51. Qxa2+ Qe6 52. Qxe6+ Kxe6
53. f4 Kd5 54. Kf3 Kd4 55. h4 Be7 56. h5 h6 57. g4 Bd8 58. g5 hxg5 59. Kg4 gxf4
60. Kxf4 Ba5 0-1

[Event "4NCL/Div1/GUI2 vs. BET"]
[Site "Coventry ENG"]
[Date "2006.11.11"]
[Round "3.6"]
[White "Eames, Robert G"]
[Black "Buckley, Graeme"]
[Result "0-1"]
[WhiteElo "2311"]
[BlackElo "2375"]
[PlyCount "120"]
[EventDate "2006.11.11"]
[EventType "team"]
[EventRounds "11"]
[EventCountry "ENG"]
[WhiteTeam "Betsson.com"]
[BlackTeam "Guildford-ADC 2"]

1. e4 d5 2. exd5 Nf6 3. d4 Bg4 4. f3 Bf5 5. Bb5+ Nbd7 6. c4 e6 7. dxe6 Bxe6 8.
d5 Bf5 9. Ne2 Bb4+ 10. Nbc3 O-O 11. O-O Ne5 12. Bg5 a6 13. Ba4 h6 14. Bh4 Nxc4
15. Qd4 b5 16. Ne4 Bxe4 17. fxe4 Qd6 18. Rxf6 gxf6 19. Kh1 Qe5 20. Bc2 Bd6 21.
Qg1 f5 22. Ng3 fxe4 23. Nxe4 f5 24. Nxd6 cxd6 25. Re1 Qxd5 26. Qf2 Rf7 27. Qg3+
Kh7 28. Qh3 Rg8 29. Rd1 Qe5 30. Re1 Qf4 31. Bg3 Qg4 32. Qxg4 Rxg4 33. b3 Na3
34. Bd1 Rd4 35. Bf3 b4 36. h4 Nb5 37. Re6 f4 38. Be1 Nc3 39. a3 a5 40. axb4
axb4 41. h5 Rd3 42. Bxc3 Rxc3 43. Be4+ Kg7 44. Rg6+ Kf8 45. Rxh6 Re3 46. Bd5
Rf5 47. Be6 Rfe5 48. Bg4 Ke7 49. Rh7+ Kf6 50. Rb7 Kg5 51. Rg7+ Kh4 52. h6 Rg5
53. Rxg5 Kxg5 54. h7 Re8 55. Be6 Rxe6 56. h8=Q Rh6+ 57. Qxh6+ Kxh6 58. Kg1 Kg5
59. Kf2 Kg4 60. Ke2 Kg3 0-1

[Event "4NCL/Div1/GUI2 vs. BET"]
[Site "Coventry ENG"]
[Date "2006.11.11"]
[Round "3.7"]
[White "Povah, Nigel E"]
[Black "Ledger, David J"]
[Result "0-1"]
[WhiteElo "2358"]
[BlackElo "2276"]
[PlyCount "119"]
[EventDate "2006.11.11"]
[EventType "team"]
[EventRounds "11"]
[EventCountry "ENG"]
[WhiteTeam "Guildford-ADC 2"]
[BlackTeam "Betsson.com"]

1. d4 f5 2. Bg5 h6 3. Bh4 g5 4. Bg3 Bg7 5. e3 d6 6. Bc4 Nf6 7. Nd2 Nc6 8. h4 g4
9. c3 e5 10. h5 Qe7 11. dxe5 dxe5 12. Qb3 Nd7 13. Bb5 Nc5 14. Qd5 Qd6 15. Qxd6
cxd6 16. Nc4 Ne4 17. O-O-O Bf8 18. Bh4 g3 19. Nh3 f4 20. f3 Bxh3 21. fxe4 Bxg2
22. Rhg1 Bxe4 23. exf4 g2 24. Rxd6 a6 25. Re6+ Kf7 26. Rf6+ Kg7 27. Bxc6 Bxc6
28. Nxe5 Bc5 29. Rxc6 Bxg1 30. Rg6+ Kh7 31. Rxg2 Be3+ 32. Kc2 Rhf8 33. Ng6 Rf5
34. Be7 b5 35. Kd3 Bb6 36. Ke4 Rf7 37. Bd6 Re8+ 38. Be5 Bc7 39. Rg4 Bxe5 40.
Nxe5 Rg7 41. Rh4 Rg2 42. Kf5 Rf8+ 43. Ke6 Rxb2 44. Ke7 Rc8 45. Rg4 b4 46. c4 b3
47. a4 Rd2 48. Rg3 Rb8 49. Rg1 b2 50. Rb1 Rc2 51. Nd3 Rxc4 52. f5 Re4+ 53. Kf7
Rb7+ 54. Kf6 Rxa4 55. Rxb2 Rxb2 56. Nxb2 Rh4 57. Ke7 Kg8 58. Kf6 Rxh5 59. Kg6
Rh4 60. f6 0-1

[Event "4NCL/Div1/GUI2 vs. BET"]
[Site "Coventry ENG"]
[Date "2006.11.11"]
[Round "3.8"]
[White "Ledger, Stephen C"]
[Black "Lalic, Susan"]
[Result "0-1"]
[WhiteElo "2171"]
[BlackElo "2347"]
[PlyCount "90"]
[EventDate "2006.11.11"]
[EventType "team"]
[EventRounds "11"]
[EventCountry "ENG"]
[WhiteTeam "Betsson.com"]
[BlackTeam "Guildford-ADC 2"]

1. d4 c5 2. d5 e5 3. c4 d6 4. Nc3 Be7 5. g3 Bg5 6. Bg2 Bxc1 7. Rxc1 Ne7 8. Nf3
O-O 9. O-O Ng6 10. e4 a6 11. Qe2 b5 12. Nd2 Nd7 13. h4 bxc4 14. Nxc4 Nb6 15.
Nxb6 Qxb6 16. Nd1 a5 17. Ne3 Ba6 18. Nc4 Bxc4 19. Rxc4 h6 20. Bh3 Rfb8 21. Rb1
Qd8 22. Qc2 Rb4 23. a3 Rb7 24. Ra4 Rab8 25. Qd2 Rb3 26. Kg2 Nxh4+ 27. gxh4 Rxh3
28. Kxh3 Qd7+ 29. Kh2 Qxa4 30. Re1 Qb5 31. Re2 a4 32. f4 exf4 33. Rf2 Qd7 34.
Qxf4 Rb3 35. Kg1 f6 36. Rg2 Kh8 37. h5 Rh3 38. Rh2 Rd3 39. Rg2 Qh3 40. Kf2 Qxh5
41. Qxd6 Qf3+ 42. Kg1 Rd1+ 43. Kh2 Qh5+ 44. Kg3 Qg5+ 45. Kh2 Qh4# 0-1

[Event "4NCL/Div1/3CS1 vs. GUI1"]
[Site "Coventry ENG"]
[Date "2006.11.11"]
[Round "3.1"]
[White "Davies, Nigel R"]
[Black "Rowson, Jonathan"]
[Result "1/2-1/2"]
[WhiteElo "2504"]
[BlackElo "2588"]
[PlyCount "85"]
[EventDate "2006.11.11"]
[EventType "team"]
[EventRounds "11"]
[EventCountry "ENG"]
[WhiteTeam "3Cs Oldham"]
[BlackTeam "Guildford-ADC 1"]

1. d4 Nf6 2. Nf3 e6 3. c4 b6 4. Qb3 Bb7 5. Nc3 Be7 6. Bg5 O-O 7. e3 h6 8. Bh4
Ne4 9. Bxe7 Qxe7 10. Nxe4 Bxe4 11. Be2 a5 12. O-O Qb4 13. Rfc1 d6 14. Qd1 a4
15. Nd2 Bb7 16. a3 Qa5 17. Bf3 Qa6 18. Nb1 Nc6 19. Nc3 Na5 20. Qxa4 Bxf3 21.
gxf3 Qxc4 22. Qxc4 Nxc4 23. Nb5 d5 24. Nxc7 Ra5 25. b3 Nd2 26. b4 Ra4 27. Rc6
Rc8 28. Nxd5 Rxc6 29. Ne7+ Kf8 30. Nxc6 Nxf3+ 31. Kg2 Nd2 32. Rc1 f6 33. Nb8
Rxa3 34. Nd7+ Ke7 35. Nxb6 Ra2 36. d5 exd5 37. Nxd5+ Kd6 38. Nc3 Rb2 39. b5 Ke5
40. Rd1 Nc4 41. Kg3 Nd6 42. Kf3 g5 43. Rb1 1/2-1/2

[Event "4NCL/Div1/3CS1 vs. GUI1"]
[Site "Coventry ENG"]
[Date "2006.11.11"]
[Round "3.2"]
[White "Conquest, Stuart C"]
[Black "Gordon, Stephen J"]
[Result "0-1"]
[WhiteElo "2530"]
[BlackElo "2445"]
[PlyCount "50"]
[EventDate "2006.11.11"]
[EventType "team"]
[EventRounds "11"]
[EventCountry "ENG"]
[WhiteTeam "Guildford-ADC 1"]
[BlackTeam "3Cs Oldham"]

1. e4 c5 2. Nf3 d6 3. d4 cxd4 4. Nxd4 Nf6 5. Nc3 a6 6. Be2 e5 7. Nb3 Be7 8. O-O
O-O 9. Qd3 Bd7 10. Qg3 Bc6 11. Bh6 Ne8 12. Be3 Nd7 13. Rad1 Ndf6 14. Nd2 b5 15.
a3 Qb8 16. f4 a5 17. fxe5 dxe5 18. Nf3 Bd6 19. Nh4 Nxe4 20. Nxe4 Bxe4 21. Nf5
Bxf5 22. Rxf5 Qc8 23. Rf2 f5 24. Bc1 Qxc2 25. Bf3 Bc5 0-1

[Event "4NCL/Div1/3CS1 vs. GUI1"]
[Site "Coventry ENG"]
[Date "2006.11.11"]
[Round "3.3"]
[White "Arakhamia-Grant, Ketevan"]
[Black "Hebden, Mark L"]
[Result "0-1"]
[WhiteElo "2446"]
[BlackElo "2545"]
[PlyCount "74"]
[EventDate "2006.11.11"]
[EventType "team"]
[EventRounds "11"]
[EventCountry "ENG"]
[WhiteTeam "3Cs Oldham"]
[BlackTeam "Guildford-ADC 1"]

1. e4 e5 2. Nf3 Nc6 3. Bb5 a6 4. Ba4 Nf6 5. O-O Be7 6. Re1 b5 7. Bb3 O-O 8. h3
Bb7 9. d3 d6 10. a3 Na7 11. Nc3 c5 12. Bg5 Kh8 13. Bxf6 Bxf6 14. Bd5 Nc6 15.
Nh2 g6 16. g3 Bg7 17. h4 Rc8 18. h5 Rc7 19. Kg2 Bc8 20. Rh1 Nd4 21. Ng4 Qg5 22.
Ne3 f5 23. hxg6 Qxg6 24. exf5 Nxf5 25. Nxf5 Bxf5 26. Qd2 c4 27. dxc4 bxc4 28.
Rae1 Rc5 29. Rh4 Bf6 30. Rxc4 Bg5 31. Qe2 Rxd5 32. Nxd5 Be6 33. Nb6 Bd8 34. Rc6
Bxb6 35. Rxb6 Bd5+ 36. Kf1 Qxg3 37. Qe3 Bc4+ 0-1

[Event "4NCL/Div1/3CS1 vs. GUI1"]
[Site "Coventry ENG"]
[Date "2006.11.11"]
[Round "3.4"]
[White "Kosten, Anthony C"]
[Black "Haslinger, Stewart G"]
[Result "1/2-1/2"]
[WhiteElo "2542"]
[BlackElo "2438"]
[PlyCount "64"]
[EventDate "2006.11.11"]
[EventType "team"]
[EventRounds "11"]
[EventCountry "ENG"]
[WhiteTeam "Guildford-ADC 1"]
[BlackTeam "3Cs Oldham"]

1. c4 e5 2. Nc3 Nf6 3. Nf3 Nc6 4. g3 d5 5. cxd5 Nxd5 6. Bg2 Nb6 7. O-O Be7 8.
Rb1 a5 9. d3 O-O 10. Be3 Be6 11. Bxb6 cxb6 12. Nd2 b5 13. b3 b4 14. Na4 Rc8 15.
Rc1 Nd4 16. Rxc8 Qxc8 17. e3 Nf5 18. Qb1 Qb8 19. Nb6 Rd8 20. Rc1 Qd6 21. Nbc4
Qxd3 22. Qxd3 Rxd3 23. Bxb7 a4 24. Be4 Rc3 25. Rd1 axb3 26. axb3 f6 27. Ra1 Nd6
28. Nxd6 Bxd6 29. Ra6 Bh3 30. Bg2 Rc1+ 31. Nf1 Bxg2 32. Kxg2 Rd1 1/2-1/2

[Event "4NCL/Div1/3CS1 vs. GUI1"]
[Site "Coventry ENG"]
[Date "2006.11.11"]
[Round "3.5"]
[White "Ashton, Adam G"]
[Black "King, Daniel J"]
[Result "1/2-1/2"]
[WhiteElo "2304"]
[BlackElo "2534"]
[PlyCount "99"]
[EventDate "2006.11.11"]
[EventType "team"]
[EventRounds "11"]
[EventCountry "ENG"]
[WhiteTeam "3Cs Oldham"]
[BlackTeam "Guildford-ADC 1"]

1. e4 c5 2. Nf3 d6 3. d4 cxd4 4. Nxd4 Nf6 5. Nc3 a6 6. Bc4 e6 7. Bb3 Nbd7 8.
Bg5 Nc5 9. f4 Be7 10. Qf3 h6 11. Bxf6 Bxf6 12. O-O-O Qb6 13. Nde2 Bd7 14. Ng3
Be7 15. f5 O-O-O 16. Kb1 Bf6 17. Nh5 Be5 18. Nf4 Rhe8 19. fxe6 fxe6 20. Ng6
Bxc3 21. Qxc3 Bc6 22. Rhe1 Qc7 23. e5 Ne4 24. Qd4 dxe5 25. Qxe5 Nd2+ 26. Kc1
Nxb3+ 27. axb3 Bxg2 28. Rxd8+ Rxd8 29. Qxe6+ Kb8 30. Qe7 Bc6 31. h4 Re8 32. Qb4
Rxe1+ 33. Qxe1 Qd6 34. Ne5 Bd5 35. Kb1 Ka8 36. Nd3 Be6 37. Qc3 Bf5 38. Nf2 Qc6
39. Qd2 g5 40. hxg5 hxg5 41. Nd1 g4 42. Ne3 Be6 43. Qd8+ Qc8 44. Qd6 Qg8 45. b4
g3 46. b5 axb5 47. Qa3+ Kb8 48. Qd6+ Ka8 49. Qa3+ Kb8 50. Qd6+ 1/2-1/2

[Event "4NCL/Div1/3CS1 vs. GUI1"]
[Site "Coventry ENG"]
[Date "2006.11.11"]
[Round "3.6"]
[White "Gallagher, Joseph G"]
[Black "Walton, Alan J"]
[Result "1-0"]
[WhiteElo "2520"]
[BlackElo "2224"]
[PlyCount "119"]
[EventDate "2006.11.11"]
[EventType "team"]
[EventRounds "11"]
[EventCountry "ENG"]
[WhiteTeam "Guildford-ADC 1"]
[BlackTeam "3Cs Oldham"]

1. e4 e6 2. d4 d5 3. Nd2 Nf6 4. e5 Nfd7 5. c3 c5 6. Bd3 Nc6 7. Ne2 cxd4 8. cxd4
Qb6 9. Nf3 f6 10. exf6 Nxf6 11. O-O Bd6 12. b3 O-O 13. Bb2 Bd7 14. Ng3 Rae8 15.
Ne5 Kh8 16. Nh5 Bxe5 17. dxe5 Ng8 18. Qg4 Rf7 19. Rad1 Ref8 20. Qh4 Nh6 21.
Nxg7 Rxg7 22. Qxh6 Rff7 23. Qh4 Ne7 24. Qd4 Qa5 25. Bc3 Qc7 26. Rc1 Nc6 27. Qh4
Kg8 28. f4 Qb6+ 29. Qf2 Rxf4 30. Qxb6 Rxf1+ 31. Rxf1 axb6 32. Rf4 Rg5 33. Be2
Rf5 34. g3 Kf7 35. Rh4 Kg8 36. Rg4+ Kf7 37. Rh4 Kg8 38. Rf4 Kf7 39. Kg2 d4 40.
Bb2 Nxe5 41. Bxd4 Bc6+ 42. Kf2 Rxf4+ 43. gxf4 Nd7 44. Ke3 b5 45. Bd3 h6 46. Be5
Nf6 47. Kd4 Nd5 48. Kc5 b4 49. Kd6 Nc3 50. Bxc3 bxc3 51. Ke5 Ke7 52. Kd4 Kf6
53. a4 Bf3 54. a5 Bd1 55. Kxc3 e5 56. Be4 exf4 57. Bxb7 f3 58. a6 f2 59. Bg2
Bf3 60. Bf1 1-0

[Event "4NCL/Div1/3CS1 vs. GUI1"]
[Site "Coventry ENG"]
[Date "2006.11.11"]
[Round "3.7"]
[White "Lewyk, Ihor"]
[Black "Pert, Nicholas"]
[Result "0-1"]
[WhiteElo "2106"]
[BlackElo "2502"]
[PlyCount "94"]
[EventDate "2006.11.11"]
[EventType "team"]
[EventRounds "11"]
[EventCountry "ENG"]
[WhiteTeam "3Cs Oldham"]
[BlackTeam "Guildford-ADC 1"]

1. Nf3 d5 2. d4 Nf6 3. e3 Bg4 4. c4 c6 5. Qb3 Qb6 6. Qxb6 axb6 7. Ne5 Bf5 8.
Nc3 e6 9. Be2 Nbd7 10. f4 Ne4 11. Bd2 Be7 12. Nxe4 Bxe4 13. O-O Nf6 14. a3 O-O
15. Rac1 Rfd8 16. Be1 dxc4 17. Bxc4 c5 18. Bc3 Nd5 19. Bxd5 exd5 20. Kf2 Ra4
21. Rfd1 c4 22. Nf3 b5 23. Nd2 Bd3 24. Kf3 Re8 25. g4 h6 26. Re1 f5 27. gxf5
Bh4 28. Rg1 Bxf5 29. Nf1 h5 30. Ng3 Bg4+ 31. Kf2 Kh7 32. Bd2 g6 33. Kg2 Be7 34.
Rge1 b4 35. axb4 Bxb4 36. Bxb4 Rxb4 37. Rc2 h4 38. Nf1 Ra8 39. h3 Bf5 40. Rd2
Bd3 41. e4 Bxe4+ 42. Kf2 Rf8 43. Rxe4 dxe4 44. Ke3 g5 45. Rf2 Rxf4 46. Rxf4
gxf4+ 47. Kxf4 Rxb2 0-1

[Event "4NCL/Div1/3CS1 vs. GUI1"]
[Site "Coventry ENG"]
[Date "2006.11.11"]
[Round "3.8"]
[White "Ciuksyte, Dagne"]
[Black "Adams, Philip J"]
[Result "1-0"]
[WhiteElo "2440"]
[BlackElo "2145"]
[PlyCount "107"]
[EventDate "2006.11.11"]
[EventType "team"]
[EventRounds "11"]
[EventCountry "ENG"]
[WhiteTeam "Guildford-ADC 1"]
[BlackTeam "3Cs Oldham"]

1. e4 e5 2. Nf3 d6 3. d4 exd4 4. Nxd4 Nf6 5. Nc3 Be7 6. Bc4 O-O 7. O-O Nxe4 8.
Nxe4 d5 9. Bd3 dxe4 10. Bxe4 Nd7 11. Re1 Nc5 12. Bf3 c6 13. Be3 Qc7 14. c3 Bd6
15. h3 Ne6 16. Nf5 Bh2+ 17. Kh1 Be5 18. Qc2 Re8 19. a4 a5 20. Rad1 Nf8 21. Bc5
Be6 22. Nd6 Bxd6 23. Bxd6 Qb6 24. b4 Ng6 25. Be4 axb4 26. cxb4 Qa6 27. f4 f5
28. Bd3 Qxa4 29. Qxa4 Rxa4 30. Rxe6 Rxe6 31. Bc4 Kf7 32. Re1 Nf8 33. Bxf8 Kxf8
34. Bxe6 Rxb4 35. g3 g6 36. Kg2 c5 37. Rc1 b6 38. Kf3 h6 39. Bd5 Kg7 40. Re1
Rd4 41. Bc6 Rb4 42. Re7+ Kf6 43. Rh7 Rb3+ 44. Kf2 Rb2+ 45. Ke1 Rb1+ 46. Kd2 Rb4
47. Kc3 Rd4 48. Bb5 Re4 49. Bc4 g5 50. Rxh6+ Kg7 51. Re6 gxf4 52. Rxe4 fxe4 53.
gxf4 Kf6 54. Kd2 1-0

[Event "4NCL/Div1/SWD1 vs. HKF1"]
[Site "Coventry ENG"]
[Date "2006.11.11"]
[Round "3.1"]
[White "Cobb, James E"]
[Black "Gormally, Daniel W"]
[Result "1/2-1/2"]
[WhiteElo "2395"]
[BlackElo "2519"]
[PlyCount "150"]
[EventDate "2006.11.11"]
[EventType "team"]
[EventRounds "11"]
[EventCountry "ENG"]
[WhiteTeam "S W Dragons 1"]
[BlackTeam "H Kingfisher 1"]

1. d4 Nf6 2. Nf3 e6 3. c4 c5 4. d5 d6 5. Nc3 exd5 6. cxd5 g6 7. g3 Bg7 8. Bg2
O-O 9. O-O Re8 10. Nd2 a6 11. a4 Nbd7 12. h3 Rb8 13. Nc4 Nb6 14. Na3 Bd7 15.
Bf4 Nh5 16. Bd2 Bxc3 17. bxc3 Bxa4 18. Qc1 Rxe2 19. c4 Nd7 20. Nb1 b5 21. Nc3
Rxd2 22. Qxd2 Bb3 23. cxb5 axb5 24. g4 Nhf6 25. g5 b4 26. gxf6 bxc3 27. Qxc3
Qxf6 28. Qxf6 Nxf6 29. Rfb1 c4 30. Ra6 Rd8 31. Bf3 Kg7 32. Rc6 Rd7 33. Kf1 h5
34. Ke2 Ng8 35. Ke3 Ne7 36. Kd4 Nf5+ 37. Kc3 Re7 38. Rb2 Re1 39. Re2 Rc1+ 40.
Kb2 Rf1 41. Rd2 Re1 42. Kc3 Nh4 43. Be2 Rh1 44. Rxd6 Rxh3+ 45. Kb4 c3 46. Rd3
c2 47. Rc6 Rxd3 48. Bxd3 Bxd5 49. Rxc2 Ng2 50. Kc5 Nf4 51. Kd4 h4 52. Be4 Be6
53. Ke3 g5 54. Rc5 Kh6 55. Ra5 Nh5 56. Ra8 Nf6 57. f4 h3 58. f5 Bd5 59. Bxd5
Nxd5+ 60. Kf3 Kg7 61. Ra6 h2 62. Kg2 Ne3+ 63. Kxh2 Nxf5 64. Kh3 f6 65. Kg4 Kg6
66. Rb6 Ne3+ 67. Kf3 Nc4 68. Rb4 Ne5+ 69. Ke4 g4 70. Rb8 Kg5 71. Ra8 Ng6 72.
Ra5+ Ne5 73. Ra8 g3 74. Rg8+ Kh4 75. Kf5 Kh3 1/2-1/2

[Event "4NCL/Div1/SWD1 vs. HKF1"]
[Site "Coventry ENG"]
[Date "2006.11.11"]
[Round "3.2"]
[White "Wells, Peter K"]
[Black "Cooper, John G"]
[Result "1-0"]
[WhiteElo "2486"]
[BlackElo "2345"]
[PlyCount "47"]
[EventDate "2006.11.11"]
[EventType "team"]
[EventRounds "11"]
[EventCountry "ENG"]
[WhiteTeam "H Kingfisher 1"]
[BlackTeam "S W Dragons 1"]

1. d4 d5 2. c4 e6 3. Nf3 c5 4. cxd5 exd5 5. g3 Nf6 6. Bg2 Be7 7. O-O O-O 8. Nc3
Nc6 9. dxc5 Bxc5 10. Bg5 d4 11. Bxf6 Qxf6 12. Nd5 Qd8 13. Nd2 a6 14. Rc1 Ba7
15. Nc4 Bg4 16. Qd2 Rc8 17. h3 Be6 18. Nf4 Bf5 19. a4 Bc5 20. Bxc6 bxc6 21. Qa5
Qe7 22. b4 g5 23. Ng2 Bxh3 24. Qxc5 1-0

[Event "4NCL/Div1/SWD1 vs. HKF1"]
[Site "Coventry ENG"]
[Date "2006.11.11"]
[Round "3.3"]
[White "Jones, Richard S"]
[Black "Williams, Simon K"]
[Result "0-1"]
[WhiteElo "2354"]
[BlackElo "2473"]
[PlyCount "68"]
[EventDate "2006.11.11"]
[EventType "team"]
[EventRounds "11"]
[EventCountry "ENG"]
[WhiteTeam "S W Dragons 1"]
[BlackTeam "H Kingfisher 1"]

1. e4 e6 2. d4 b6 3. Bd3 Bb7 4. Nf3 d6 5. O-O Nd7 6. Re1 g6 7. Bg5 Ne7 8. Nbd2
Bg7 9. e5 h6 10. Bh4 Bxf3 11. Nxf3 d5 12. b4 g5 13. Bg3 c6 14. c3 Nf8 15. a4
Nfg6 16. Qc2 Rc8 17. a5 b5 18. h4 g4 19. h5 gxf3 20. hxg6 fxg6 21. Bxg6+ Kd7
22. Bh4 Qg8 23. g3 h5 24. c4 Bf8 25. Bxe7 Bxe7 26. Re3 Rh6 27. Bd3 bxc4 28. Bf1
Qg4 29. Qc3 Rf8 30. Ra3 h4 31. Rxf3 hxg3 32. Rxg3 Qe4 33. f3 Qf4 34. Rh3 Rg8+
0-1

[Event "4NCL/Div1/SWD1 vs. HKF1"]
[Site "Coventry ENG"]
[Date "2006.11.11"]
[Round "3.4"]
[White "Greet, Andrew N"]
[Black "Kett, Timothy"]
[Result "0-1"]
[WhiteElo "2439"]
[BlackElo "2234"]
[PlyCount "78"]
[EventDate "2006.11.11"]
[EventType "team"]
[EventRounds "11"]
[EventCountry "ENG"]
[WhiteTeam "H Kingfisher 1"]
[BlackTeam "S W Dragons 1"]

1. e4 e5 2. Nf3 Nc6 3. Bb5 Nge7 4. O-O g6 5. c3 Bg7 6. d4 exd4 7. cxd4 d5 8.
exd5 Nxd5 9. Bg5 Qd6 10. Re1+ Be6 11. Nbd2 O-O 12. Ne4 Qb4 13. Bxc6 bxc6 14.
Qc1 Rab8 15. b3 Rb6 16. Bd2 Qe7 17. Nc5 Qd6 18. Bh6 Bf5 19. Bxg7 Kxg7 20. Ne5
Nb4 21. Qc3 Qd5 22. Nc4 Nc2 23. Ne3 Nxe3 24. Qxe3 Rb4 25. Qe5+ Qxe5 26. dxe5
Rd4 27. Re2 Rfd8 28. f3 Rd2 29. Rae1 R8d5 30. Na6 Rxe2 31. Rxe2 Bd3 32. Nxc7
Bxe2 33. Nxd5 cxd5 34. Kf2 Ba6 35. Ke3 Kf8 36. Kd4 Bb7 37. f4 h5 38. g3 Ke7 39.
h3 Bc8 0-1